Paesi più vicini al Brasile - Morte improvvisa - Statistics

Statistiche generali
  • Questo quiz è stato fatto 31 volte
  • Il punteggio medio è 8 su 15
Answers on the Grid
Answers color-coded by a green-red scale on the quiz's grid according to % correct below.
Suriname
Guyana
Venezuela
Colombia
Perù
Bolivia
Paraguay
Argentina
Uruguay
Ecuador
Trinidad e Tobago
Cile
Granada
Saint Vincent e Grenadine
Barbados
Panama
Dominica
Antigua e Barbuda
Saint Kitts e Nevis
Cuba
Haiti
Repubblica Dominicana
Giamaica
Bahamas
Costa Rica
Honduras
El Salvador
Messico
Guatemala
Belize
 
Statistiche sulle risposte
Risposta % Corretto
Argentina
88%
Perù
79%
Paraguay
75%
Venezuela
75%
Cile
71%
Suriname
71%
Uruguay
71%
Bolivia
67%
Colombia
67%
Ecuador
67%
Guyana
50%
Trinidad e Tobago
29%
Barbados
0%
Granada
0%
Saint Vincent e Grenadine
0%
Nessun quiz corrispondente trovato
Distribuzione punteggi
Percentuale di utenti per punteggio
Percentile per numero di risposta
I tuoi punteggi nel tempo
Non hai fatto questo quiz